000 00588nam a2200241Ia 4500
003 OSt
005 20221007094812.0
006 a|||||r|||| 00| 0
007 ta
008 221006b |||||||| |||| 00| 0 eng d
024 _a102
037 _cTextual
040 _aLCO
_cLCO
_beng
041 _2eng
_aeng
082 _aZ(Q7), N2
100 _aAhmad A.
_971573
245 0 _aMohammedan Law
260 _aAllahabad
_bCentral Law Agency India
_c1992
300 _a312
650 _aMUSLIM LAW
942 _hZ(Q7), N2
_cTEXL
999 _c1169665
_d1169665